Państwa, które mają cztery kolory na fladze - Statystyki

Ogólne statystyki
  • Ten quiz został rozwiązany 26 razy
  • Średni wynik to 25 z 47
Statystyki odpowiedzi
Odpowiedź % Poprawnych
Brazylia
79%
Egipt
71%
Libia
71%
Mauritius
71%
Azerbejdżan
63%
Filipiny
63%
Ghana
63%
Indie
63%
Argentyna
58%
Gwinea Bissau
58%
Korea Południowa
58%
Uzbekistan
58%
Zjednoczone Emiraty Arabskie
58%
Irak
54%
Kuwejt
54%
Malezja
54%
Papua Nowa Gwinea
54%
Sudan
54%
Syria
54%
Tadżykistan
54%
Urugwaj
54%
Wenezuela
54%
Zambia
54%
Brunei
50%
Etiopia
50%
Gambia
50%
Jordania
50%
Kambodża
50%
Lesotho
50%
Mjanma
50%
Słowenia
50%
Turkmenistan
50%
Wyspy Salomona
50%
Bhutan
46%
Erytrea
46%
Kenia
46%
Liechtenstein
46%
Republika Zielonego Przylądka
46%
Tanzania
46%
Timor Wschodni
46%
Dżibuti
42%
Saint Lucia
42%
Surinam
42%
Togo
42%
Vanuatu
42%
Wyspy Świętego Tomasza i Książęca
42%
Czarnogóra
21%
Nie znaleziono quizów pasujących do podanych kryteriów
Rozkład punktacji
Procent ludzi z każdym wynikiem
Percentyl według liczby udzielonych odpowiedzi
Twoja historia wyników
Nie rozwiązałeś tego quizu